| 000 | 00391nam a2200145Ia 4500 | ||
|---|---|---|---|
| 008 | 231217s9999 xx 000 0 und d | ||
| 041 | _aEnglish | ||
| 082 | _a570 BAZ;1 R | ||
| 100 | _aBazler, Judith A | ||
| 245 | 0 | _aBiology resources in the electronic age | |
| 260 |
_c2003 _bGreenwood _aConnecticut |
||
| 300 | _axiii+286 | ||
| 650 | _aBiology,resources,electronic,age | ||
| 942 | _cAA | ||
| 999 |
_c173137 _d173137 |
||